MARC details
| 000 -LEADER |
| fixed length control field |
02529nam a22003737a 4500 |
| 001 - CONTROL NUMBER |
| control field |
101819 |
| 003 - CONTROL NUMBER IDENTIFIER |
| control field |
KnowledgeUnlatched |
| 005 - DATE AND TIME OF LATEST TRANSACTION |
| control field |
20210303105303.0 |
| 006 - FIXED-LENGTH DATA ELEMENTS--ADDITIONAL MATERIAL CHARACTERISTICS |
| fixed length control field |
m o d |
| 007 - PHYSICAL DESCRIPTION FIXED FIELD--GENERAL INFORMATION |
| fixed length control field |
cr u|||||||||| |
| 008 - FIXED-LENGTH DATA ELEMENTS--GENERAL INFORMATION |
| fixed length control field |
210129p20122018mau o u00| u eng d |
| 037 ## - SOURCE OF ACQUISITION |
| Institution to which field applies |
BiblioBoard |
| 020 ## - INTERNATIONAL STANDARD BOOK NUMBER |
| International Standard Book Number |
9781618116932 |
| 029 1# - OTHER SYSTEM CONTROL NUMBER (OCLC) |
| OCLC library identifier |
https://library.biblioboard.com/ext/api/media/37e72b67-cec4-4f11-9249-bf3afb5e4f3a/assets/thumbnail.jpg |
| 040 ## - CATALOGING SOURCE |
| Original cataloging agency |
ScCtBLL |
| Transcribing agency |
ScCtBLL |
| 100 1# - MAIN ENTRY--PERSONAL NAME |
| Personal name |
Brintlinger, Angela |
| Relator term |
author. |
| 245 00 - TITLE STATEMENT |
| Title |
Chapaev and His Comrades |
| Remainder of title |
War and the Russian Literary Hero Across the Twentieth Century / |
| Statement of responsibility, etc. |
Angela Brintlinger. |
| 264 #1 - PRODUCTION, PUBLICATION, DISTRIBUTION, MANUFACTURE, AND COPYRIGHT NOTICE |
| Name of producer, publisher, distributor, manufacturer |
Academic Studies Press, |
| 300 ## - PHYSICAL DESCRIPTION |
| Extent |
1 online resource (290 p.) |
| 490 1# - SERIES STATEMENT |
| Series statement |
Cultural Revolutions: Russia in the Twentieth Century |
| 506 0# - RESTRICTIONS ON ACCESS NOTE |
| Terms governing access |
Access copy available to the general public. |
| Standardized terminology for access restriction |
Unrestricted |
| Source of term |
star |
| 520 ## - SUMMARY, ETC. |
| Summary, etc. |
Across the twentieth century war was the central experience of the Russian people, spurring tales of the struggles and advances of the combat hero to become a prevailing Russian literary trope. In this wide spanning text Brintlinger traces the war experiences, memories, tropes, and metaphors in literature of the Soviet and post-Soviet period, examining the work of Dmitry Furmanov, Fyodor Gladkov, Alexander Tvardovsky, Emmanuil Kazakevich, Vera Panova, Viktor Nekrasov, Alexander Solzhenitsyn, Vladimir Voinovich, Sergei Dovlatov, Vladimir Makanin, Viktor Astafiev, Viktor Pelevin, and Vasily Aksyonov. These authors represented official Soviet literature and underground or dissident literature. They fell into and out of favor, were exiled and returned to Russia, and died at home and abroad. Most importantly, each of these writers was touched by war and reacted to the state of war in their literary works. |
| 588 0# - SOURCE OF DESCRIPTION NOTE |
| Source of description note |
Description based on print version record. |
| 590 ## - LOCAL NOTE (RLIN) |
| Local note |
KU Open Services |
| 650 #7 - SUBJECT ADDED ENTRY--TOPICAL TERM |
| Topical term or geographic name entry element |
Literary Criticism / Russian & Former Soviet Union |
| Source of heading or term |
bisacsh |
| 650 #0 - SUBJECT ADDED ENTRY--TOPICAL TERM |
| Topical term or geographic name entry element |
Literature |
| General subdivision |
History and criticism |
| 655 #0 - INDEX TERM--GENRE/FORM |
| Genre/form data or focus term |
Electronic books. |
| 758 ## - |
| -- |
Is found in: |
| -- |
Knowledge Unlatched |
| -- |
https://openresearchlibrary.org/module/2774bc74-146a-484f-a7ba-ab1d6a09bbfb |
| 830 0# - SERIES ADDED ENTRY--UNIFORM TITLE |
| Uniform title |
Cultural Revolutions: Russia in the Twentieth Century |
| 856 40 - ELECTRONIC LOCATION AND ACCESS |
| Uniform Resource Identifier |
<a href="https://openresearchlibrary.org/content/37e72b67-cec4-4f11-9249-bf3afb5e4f3a">https://openresearchlibrary.org/content/37e72b67-cec4-4f11-9249-bf3afb5e4f3a</a> |
| Public note |
View this content on Open Research Library. |
| -- |
0 |